| 000 | 00485cam a22001457a 4500 | ||
|---|---|---|---|
| 008 | 180718b1937 xxu||||| |||| 00| 0 eng d | ||
| 082 | _aB2x51 Su71/L641 | ||
| 100 | _aLinebarger, Paul Myron Anthony | ||
| 245 |
_aPoltical doctrines of Sun Yatsen: an exposiitiion of the San Min Chu I _cby Paul Myron Anthony Linebarger |
||
| 260 |
_aBaltimore _bJohns Hopkins _c1937 |
||
| 300 | _a278p. | ||
| 500 | _a$5.00 | ||
| 650 | _aSun Yat - Sen 1867 - 1925. | ||
| 650 | _aPoltiical Science - China | ||
| 999 |
_c372323 _d372323 |
||